000 01496nam a2200373 i 4500
003 DO-SdBNP
005 20260703151206.0
007 ta
008 260703e2002 dr ||||gr|||||||| ||spa d
020 _a9993403229
040 _aBIBLIOTECA UNIBE
_cDO-SdBNP
_bspa
_dBNPHU
_erda
041 _aspa
082 0 _aRD 345.729305 C669p 2002
_222
245 1 0 _aBreves comentarios al código procesal penal de la República Dominicana /
_cpor el Lic. Manuel Ulises Bonnelly V., prólogo: Lic. Aníbal Medrano Mejía.
250 _aPrimera edición.
264 _aSanto Domingo, República Dominicana :
_bEditora Centenario,
_c2002.
300 _a156 páginas ;
_c21.5 cm.
336 _atexto
_btxt
_2rdacontent
337 _asin mediación
_bn
_2rdamedia
338 _avolumen
_bnc
_2rdacarrier
500 _aIncluye índice.
590 _aInventariado, 2026/WG.
650 7 _aProcedimiento penal
_zRepública Dominicana
_915663
650 7 _aSolución de conflictos
_998137
_zRepública Dominicana
650 7 _aJueces
_998138
_zRepública Dominicana
650 7 _aAdministración de justicia penal
_998139
_zRepública Dominicana
650 7 _aProcesos (Derechos)
_911259
650 7 _aIgualdad ante la ley
_998140
_zRepública Dominicana
650 7 _aDerecho penal
_917405
_zRepública Dominicana
700 _aBonnelly Vega, Manuel Ulises
_ediseño
_ediagramador
_984887
700 _aMedrano Mejía, Claudio Aníbal
_eprólogo
_965074
942 _2ddc
_cLBS1
951 _a20061022 10:18:00
999 _c61002
_d61002